| 000 | 00438 a2200181 4500 | ||
|---|---|---|---|
| 001 | 79078 | ||
| 082 | _a530 RES | ||
| 090 |
_c39572 _d39572 |
||
| 100 | _aRobert Resnick ; Halliday | ||
| 245 |
_aPhysics Vol.II 5th Edition _hEnglish |
||
| 250 | _a5 | ||
| 260 |
_aIndia _bJohn Wiley _c2010 |
||
| 300 | _axiii 1221p | ||
| 500 | _aDOS BS Reference Books | ||
| 505 | _aAHQ Books | ||
| 600 | _aDavid Halliday | ||
| 610 | _aKenneth S.Krane | ||
| 942 |
_aCAE NUST _k530 RES |
||
| 999 |
_c314151 _d314151 |
||